00523nam a2200193 a 4500001001300000003000900013005001700022008004100039020002300080082001500103100001600118245002800134260004100162300000900203500003500212505003400247650003200281700001600313nice12345678IN_TiNIC20260116013914.0050524s1992 newa grp 000 0 eng  a8170367 c27500a305.4bROS aRose, Kalim aWhere Women Are Leaders aNew Delhi bSage Publications c1992 a286p aincludes index and biblioraphy2 aAppendix, Bibliography, Index aWomen-India-Self Employment1 aRose, Kalim